000 00555nam a22001697a 4500
005 20251108171127.0
008 250721s1938 xx 000 0 ara d
082 1 4 _a325.2564/محم
100 1 _aسعيد، محمد السيد
245 1 0 _aلإستيعاب المهاجرين في إسرائيل آفات المجتمع الصهيوني /
264 _bمركز دراسات السياسة و الغستراتيجيه،
_c1938.
300 _a152ص
650 1 7 _aالهجرة
650 1 7 _aالمهاجرين
942 _2ddc
_cBK
999 _c57294
_d57294